| 000 | 00993pam a2200301 a 4500 | ||
|---|---|---|---|
| 001 | 2657 | ||
| 005 | 20240109084458.0 | ||
| 020 | _a9781416939191 (pbk.) | ||
| 020 | _a1416939199 (pbk.) | ||
| 040 |
_aDLC _cDLC _dDLC _beng |
||
| 050 | 0 | 0 |
_aPZ7.P2843 _bDo 2007 |
| 082 | 0 | 0 |
_a813.54 _222 |
| 100 | 1 | _aPaulsen, Gary | |
| 245 | 1 | 0 |
_aDogsong / _cGary Paulsen |
| 250 | _aFirst Scholastc printing, September 1990 | ||
| 260 |
_aNew York : _bScholastic, _c2007 |
||
| 300 |
_a162 pages ; _c18 cm |
||
| 505 | _aZ | ||
| 520 | _aA fourteen-year-old Eskimo boy who feels at odds with aspects of modern life takes a 1400-mile journey by dog sled across ice, tundra, and mountains seeking his own "song" of himself. | ||
| 521 |
_a930 _bLexile |
||
| 521 |
_aZ _bRaz-Plus |
||
| 650 | 0 |
_aEskimos _vJuvenile fiction. |
|
| 650 | 1 |
_aEskimos _vFiction. |
|
| 650 | 1 |
_aDogsledding _vFiction. |
|
| 650 | 1 |
_aSelf-perception _vFiction. |
|
| 906 |
_a7 _bcbc _corigcop _d2 _encip _f20 _gy-gencatlg |
||
| 942 |
_2ddc _cBK _n0 |
||
| 999 |
_c2657 _d2657 |
||